| 000 | 00641nam a2200217 u 4500 | ||
|---|---|---|---|
| 005 | 20220916063647.0 | ||
| 008 | 180419s2000 eu r 000 0 spa d | ||
| 020 | _a0153484284 | ||
| 035 | _aUPN01000224295 | ||
| 049 | _aI | ||
| 050 | 4 |
_aQK475.8 _bK3.8 |
|
| 100 | 1 |
_aKahkonen, Sharon _933632 |
|
| 245 | 1 | 3 |
_aLa vida de un roble / _cSharon Kahkonen. |
| 260 |
_aOrlando, E.U.A. : _bHarcourt, _c[201-?]. |
||
| 300 |
_a16 p. : _bil. |
||
| 650 | 4 |
_aARBOLES - _vLITERATURA INFANTIL _911051 |
|
| 650 | 4 |
_aARBOLES - _xCULTIVO Y REPRODUCCION _97097 |
|
| 650 | 7 |
_aLibros ilustrados para niƱos _2 _921365 |
|
| 905 | _aInfantil | ||
| 999 |
_c196392 _d196392 |
||